| 000 | 00549nam a22001697a 4500 | ||
|---|---|---|---|
| 003 | SGT | ||
| 020 | _a9788123914480 | ||
| 082 |
_a658.3 _bHUS |
||
| 100 | _aHUSAIN,ASHFAQ | ||
| 245 | _aELECTRICAL POWER SYSTEMS | ||
| 250 | _a5TH | ||
| 260 |
_aNEW DELHI _bCBS PUBLISHER _c2014 |
||
| 300 | _a694 | ||
| 650 | _aELECTRICAL ENGINEERING | ||
| 653 | _aCONDUCTORS, POWER CABLES, LINE INSULATORS AND SUPPORTS, SAG AND TENSION, LINE PARAMETERS, PER UNIT REPRESENTATION, SHORT AND MEDIUM LINES, LONG TRANSMISSION LINES, POWER CIRCLE DIAGRAMS | ||
| 942 |
_2ddc _cBK |
||
| 999 |
_c8242 _d8242 |
||